[Event "Moravia-Silesia Region-chT 0708"]
[Site "Czech Republic"]
[Date "2008.02.10"]
[Round "7.7"]
[White "Jelinek, Marek"]
[Black "Prokupek, Miroslav"]
[Result "1-0"]
[WhiteElo "1979"]
[BlackElo "1921"]
[PlyCount "47"]
[EventDate "2007.10.28"]
[EventType "team-tourn"]
[EventRounds "11"]
[EventCountry "CZE"]
[SourceTitle "EXT 2024"]
[Source "ChessBase"]
[SourceDate "2023.10.10"]
[SourceVersion "1"]
[SourceVersionDate "2023.10.10"]
[SourceQuality "1"]

1. f4 e5 2. fxe5 d6 3. exd6 Bxd6 4. Nf3 Bg4 5. g3 h5 6. c3 Nc6 7. d4 Nf6 8. Bg5 Qd7 9. Nbd2 0-0-0 10. Bxf6 gxf6 11. Qc2 Rde8 12. 0-0-0 Re3 13. Nc4 Rxf3 14. exf3 Bxf3 15. Nxd6+ cxd6 16. Bd3 Bxd1 17. Rxd1 Ne7 18. Qf2 Rh6 19. Qf4 Rh8 20. Qxf6 Re8 21. Qxf7 Kc7 22. Re1 a6 23. Qxh5 Nc6 24. Qxe8 1-0

[Event "Moravia-Silesia Region-chT 0708"]
[Site "Czech Republic"]
[Date "2007.11.11"]
[Round "2.7"]
[White "Prokupek, Miroslav"]
[Black "Pilch, Roman"]
[Result "0-1"]
[WhiteElo "1921"]
[BlackElo "2012"]
[PlyCount "92"]
[EventDate "2007.10.28"]
[EventType "team-tourn"]
[EventRounds "11"]
[EventCountry "CZE"]
[SourceTitle "EXT 2024"]
[Source "ChessBase"]
[SourceDate "2023.10.10"]
[SourceVersion "1"]
[SourceVersionDate "2023.10.10"]
[SourceQuality "1"]

1. e4 c5 2. Nf3 d6 3. Bb5+ Bd7 4. Bxd7+ Qxd7 5. 0-0 Nc6 6. c3 Nf6 7. Re1 e6 8. d4 cxd4 9. cxd4 d5 10. exd5 Nxd5 11. Nc3 Be7 12. Bg5 0-0 13. Bxe7 Ndxe7 14. Qd2 Rfd8 15. Rad1 Rac8 16. Ne4 b6 17. Qg5 Kf8 18. h4 Qd5 19. Qg3 Nf5 20. Qf4 Ncxd4 21. Nxd4 Nxd4 22. Ng3 Qc5 23. h5 h6 24. Rd2 Nf5 25. Rxd8+ Rxd8 26. Nxf5 Qxf5 27. Qc7 Qd3 28. Qxa7 Qd2 29. Qa3+ Kg8 30. Qc3 Qxc3 31. bxc3 Rd3 32. Rb1 Rxc3 33. Rxb6 Rc1+ 34. Kh2 Rc2 35. a4 Rxf2 36. Kg3 Rf5 37. Rb8+ Kh7 38. Rb5 Rf1 39. Ra5 g6 40. hxg6+ Kxg6 41. Ra8 Kf5 42. a5 Ra1 43. a6 e5 44. a7 Ke4 45. Kh4 Kf4 46. g3+ Kf3 0-1